LIBRARY & INFORMATION CENTRE, KCAET, TAVANUR

ONLINE PUBLIC ACCESS CATALOGUE (OPAC)

Environmental Studies (Record no. 14500)

MARC details
000 -LEADER
fixed length control field 00359nam a22001577a 4500
020 ## - INTERNATIONAL STANDARD BOOK NUMBER
ISBN 8128006576
082 ## - DEWEY DECIMAL CLASSIFICATION NUMBER
Classification number 628.
Item number NAN/EN
100 ## - MAIN ENTRY--AUTHOR NAME
Personal name Nandini,N
100 ## - MAIN ENTRY--AUTHOR NAME
Personal name Sunitha,N
100 ## - MAIN ENTRY--AUTHOR NAME
Personal name Tandon,Sucharita
245 ## - TITLE STATEMENT
Title Environmental Studies
250 ## - EDITION STATEMENT
Edition statement 2 nd
260 ## - PUBLICATION, DISTRIBUTION, ETC. (IMPRINT)
Place of publication Bangalore
Name of publisher Sapna Book House
Year of publication 2008
300 ## - PHYSICAL DESCRIPTION
Number of Pages 398
942 ## - ADDED ENTRY ELEMENTS (KOHA)
Koha item type Books
Holdings
Withdrawn status Lost status Damaged status Collection code Home library Current library Shelving location Date acquired Source of acquisition Cost, normal purchase price Full call number Accession Number Koha item type
        KAUAET KAUAET General Stacks 11/07/2016 Aman Book Stall, Calicut 220.00 628. NAN/EN 24953 Books
free website counter